De boca em boca (Record no. 116802)

MARC details
000 -LÍDER
campo de controle de tamanho fixo 00830 a2200253 4500
001 - NÚMERO DE CONTROLE
campo de controle 116802
020 ## - ISBN - INTERNATIONAL STANDARD BOOK NUMBER
ISBN - International Standard Book Number 8575470248
020 ## - ISBN - INTERNATIONAL STANDARD BOOK NUMBER
Informação qualificadora (broch.)
041 ## - CÓDIGO DE IDIOMA
Código do idioma do texto/trilha sonora ou título diferente por
082 ## - CDD - CLASSIFICAÇÃO DECIMAL DE DEWEY
Número de Classificação 398
040 ## - FONTE DA CATALOGAÇÃO
Instituição da catalogação original BR-FlUES
Idioma da catalogação por
Instituição que transcreveu o registro BR-FlUES
Instituição que modificou o registro BR-BrIDEA
090 ## - NÚMERO DE CHAMADA LOCAL
Número de chamada (OCLC) (R); Número de chamada, CALL (RLIN) (NR) A Year 3 398
Número Cutter local (OCLC); Número de classificação do livro, CALL (RLIN) DEB
245 10 - TÍTULO
Título De boca em boca
Restante do título histórias de todos os cantos do Brasil
260 ## - PUBLICAÇÃO, DISTRIBUIÇÃO, ETC.
Local de publicação, distribuição, etc. São Paulo
Nome do editor, distribuidor, etc. Salesiana
Data da publicação, distribuição, etc. 2002
300 ## - DESCRIÇÃO FÍSICA
Extensão 95 p.
Outros detalhes físicos il.
Dimensões 24,8 x 22,8 x 1 cm
505 ## - NOTA DE CONTEÚDO FORMATADO
Nota de conteúdo formatado Histórias contadas pelas mães na ACTC - Associação de Assistência à Criança Cardíaca e à Transplantada do Coração
650 #4 - ASSUNTO--TERMO TÓPICO
Cabeçalho tópico ou nome geográfico Literatura infanto-juvenil
650 #4 - ASSUNTO--TERMO TÓPICO
Cabeçalho tópico ou nome geográfico Folclore
650 #4 - ASSUNTO--TERMO TÓPICO
Subdivisão geográfica Brasil
697 ## - ENTRADA DE ASSUNTO LOCAL--ENTIDADE COLETIVA (RLIN)
Nome corporativo ou nome da jurisdição Folclore
710 ## - ENTRADA ADICIONADA - NOME DA EMPRESA
Nome corporativo ou nome da jurisdição Associação de Assistência à Criança Cardíaca e à Transplantada do Coração
856 ## - LOCALIZAÇÃO ELETRÔNICA E ACESSO
Uniform Resource Identifier <a href="00000d/00000dbd.jpg">00000d/00000dbd.jpg</a>
942 ## - ELEMENTOS DE ENTRADA ADICIONADOS (KOHA)
Tipo de material Koha Livros
Holdings
Situação do descarte Situação das perdas Fonte da classificação ou esquema de arquivamento na estante Situação física Não pode ser emprestado Biblioteca de origem Biblioteca atual Data de aquisição Total de empréstimos Número de chamada completo Código de barras Data de último acesso Data do preço efetivo Tipo de material Koha
    Classificação Decimal de Dewey     ECB - ÁGUAS CLARAS ECB - ÁGUAS CLARAS 29/04/2020   A Year 3 398 DEB 00050013AGC 23/01/2024 23/01/2024 Livros